Capitales de Oceanía por código IATA - Estadísticas

Estadísticas generales
  • Esta prueba ha sido intentada 78 veces
  • La puntuación promedio es 9 de 14
Estadísticas de respuestas
Código IATA Capital % Correcto
CBR Canberra
95%
WLG Wellington
88%
FUN Funafuti
82%
SUV Suva
82%
APW Apia
77%
MAJ Majuro
73%
TRW Tarawa
68%
HIR Honiara
66%
POM Port Moresby
66%
VLI Port Vila
59%
PNI Palikir
48%
TBU Nukualofa
46%
INU Yarén
46%
ROR Ngerulmud
36%
No se encontraron pruebas coincidentes
Distribución de puntuación
Porcentaje de gente con cada puntuación
Porcentaje por número respondido
Historial de tus puntuaciones
No has intentado esta prueba.